Statistics for Ori and the Blind Forest Abilities

Click here to take the quiz!

General Stats

  • This quiz has been taken 23 times
  • The average score is 8 of 11

Answer Stats

SpiritAbility% Correct
LeruDouble Jump
90%
AnoCharge Flame
80%
TatsuClimb
80%
SeinSpirit Flame
70%
FilWall Jump
70%
IloStomp
70%
NirCharge Jump
70%
EkiDash
70%
SolLight Burst
70%
ReemBash
60%
N/AKuro's Feather
50%

Score Distribution

Percentile by Number Answered

Percent of People with Each Score

Your Score History

You have not taken this quiz